Rayman Characters by Picture - Statistics

General Stats
  • This quiz has been taken 60 times
  • The average score is 10 of 24
Answer Stats
Picture Answer % Correct
Rayman
100%
Globox
90%
Rabbid
65%
Barbara
63%
Moskito
60%
Murfy
52%
Teensie
50%
André
46%
Mr Dark
46%
Polokus
46%
Hoodlum
44%
Ly the Fairy
40%
Betilla
38%
Clark
38%
Admiral Razorbeard
35%
Electoon / Toon
31%
The Magician
31%
Reflux
23%
Jano
21%
Antitoon / Darktoon
19%
Big Mama / Voodoo Mamma
19%
Uglette
19%
Count Razoff
17%
Bégoniax
12%
No matching quizzes found
Score Distribution
Percent of People with Each Score
Percentile by Number Answered
Your Score History
You have not taken this quiz